000 00435nam a2200181Ia 4500
001 4126
005 20260306145732.0
008 260306t2008||||xx |||||||||||||| ||spa||
041 _aESP
082 _a306.85
_bP19F
100 _aJordán de Urríes, Blanca
_eAUT
245 0 _aCómo ser optimista ante la vida
260 _c2008
300 _a106 páginas :
_c19 cm.
650 _aGEN
654 _aCED
942 _cLIB
_dJUS
_fJUS
_2ddc
_n
999 _c4126
_d4126